| 000 | 01084nac a22003497a 4500 | ||
|---|---|---|---|
| 001 | BR0602868 | ||
| 003 | BR-BrBNA | ||
| 005 | 20240105123330.0 | ||
| 008 | 230509b bl.|||m| |||| 00| 0 por d | ||
| 040 |
_aBR-BrBNA _bpor _cBiblioteca Nacional de Agricultura |
||
| 041 | _a(Pt) | ||
| 072 | _aE16 | ||
| 090 | _a3285 BR0602868 | ||
| 100 | 1 | _aFigueiredo, E.O. | |
| 100 | 1 | _aSá, C.P.de | |
| 110 | 1 | _aEMBRAPA Acre, Rio Branco (Brasil) | |
| 245 | 1 | _aEstimativa de custos e coeficientes técnicos para instalação e manejo de povoamento de teca (Tectona grandis L.F.) | |
| 260 | 3 |
_aRio Branco, AC (Brasil): _c2005. |
|
| 300 | _a16 p. | ||
| 490 |
_aCircular Técnica - EMBRAPA Acre (Brazil) _vno. 48 _xISSN 0100-9915 |
||
| 500 | _a6 tables; 10 ref. | ||
| 650 | _aTECA | ||
| 650 | _aTECTONA GRANDIS | ||
| 650 | _aÁRVORE ANGIOSPERMA | ||
| 650 | _aESSÊNCIA FLORESTAL | ||
| 650 | _aESTIMATIVA | ||
| 650 | _aCUSTO | ||
| 650 | _aPOVOAMENTO FLORESTAL | ||
| 650 | _aIMPLANTAÇÃO DE CULTURA | ||
| 909 |
_a202312 _bLúcia Elande _c55 _dLúcia Elande |
||
| 942 |
_2AGRIS _n0 _cMS |
||
| 999 |
_c295000 _d295000 |
||